[Event "MRSF"]
[Site "Rychnov nad Kneznou"]
[Date "2020.08.17"]
[Round "9.23"]
[White "Volf, Jaroslav"]
[Black "Havrlik, Pavel"]
[Result "1-0"]
[BlackElo "1840"]
[WhiteElo "1966"]
[LiveChessVersion "1.4.8"]

1. e4 {[%clk 1:30:58]} e6 {[%clk 1:30:48]} 2. d4 {[%clk 1:31:24]} d5
{[%clk 1:31:10]} 3. Nd2 {[%clk 1:31:51]} dxe4 {[%clk 1:31:26]} 4. Nxe4
{[%clk 1:32:10]} Nd7 {[%clk 1:31:38]} 5. Nf3 {[%clk 1:30:31]} Ngf6
{[%clk 1:31:41]} 6. Nxf6+ {[%clk 1:27:54]} Nxf6 {[%clk 1:32:05]} 7. Be2
{[%clk 1:27:55]} Be7 {[%clk 1:30:48]} 8. O-O {[%clk 1:28:02]} O-O
{[%clk 1:31:08]} 9. h3 {[%clk 1:28:03]} b6 {[%clk 1:31:10]} 10. Ne5
{[%clk 1:28:07]} Bb7 {[%clk 1:31:24]} 11. c3 {[%clk 1:28:20]} c5 {[%clk 1:30:02]}
12. dxc5 {[%clk 1:27:13]} Bxc5 {[%clk 1:30:17]} 13. Bg5 {[%clk 1:27:06]} Be7
{[%clk 1:29:18]} 14. Qxd8 {[%clk 1:12:29]} Rfxd8 {[%clk 1:29:30]} 15. Rfd1
{[%clk 1:12:40]} Rxd1+ {[%clk 1:29:35]} 16. Rxd1 {[%clk 1:12:50]} Rd8
{[%clk 1:29:47]} 17. Nd7 {[%clk 1:07:20]} Bc6 {[%clk 1:17:25]} 18. Nxf6+
{[%clk 1:06:49]} gxf6 {[%clk 1:17:29]} 19. Rxd8+ {[%clk 1:06:51]} Bxd8
{[%clk 1:17:56]} 20. Be3 {[%clk 1:07:04]} Bc7 {[%clk 1:13:03]} 21. Bd3
{[%clk 0:58:37]} f5 {[%clk 1:09:26]} 22. f4 {[%clk 0:54:53]} f6 {[%clk 1:06:24]}
23. Kf2 {[%clk 0:55:01]} Kg7 {[%clk 1:02:45]} 24. Bc2 {[%clk 0:51:20]} Bd7
{[%clk 1:01:39]} 25. a4 {[%clk 0:50:27]} e5 {[%clk 1:01:21]} 26. g3
{[%clk 0:50:48]} Kf7 {[%clk 0:55:56]} 27. a5 {[%clk 0:50:56]} Ke7
{[%clk 0:54:34]} 28. axb6 {[%clk 0:50:15]} Bxb6 {[%clk 0:53:19]} 29. Bxb6
{[%clk 0:48:54]} axb6 {[%clk 0:53:47]} 30. Ke3 {[%clk 0:48:38]} h6
{[%clk 0:50:12]} 31. Bd1 {[%clk 0:48:48]} e4 {[%clk 0:48:11]} 32. Kd4
{[%clk 0:48:37]} Kd6 33. c4 {[%clk 0:47:40]} Be6 {[%clk 0:45:00]} 34. b4
{[%clk 0:46:40]} Kc6 {[%clk 0:40:18]} 35. Be2 {[%clk 0:46:57]} Kd6
{[%clk 0:39:04]} 36. g4 {[%clk 0:47:05]} fxg4 {[%clk 0:34:41]} 37. hxg4
{[%clk 0:47:28]} f5 {[%clk 0:34:51]} 38. g5 {[%clk 0:47:50]} hxg5
{[%clk 0:34:59]} 39. fxg5 {[%clk 0:48:15]} Bf7 {[%clk 0:35:02]} 40. c5+
{[%clk 0:43:09]} bxc5+ {[%clk 0:35:09]} 41. bxc5+ {[%clk 0:43:27]} Kc6
{[%clk 0:34:11]} 42. Bc4 {[%clk 0:39:01]} Bg6 {[%clk 0:30:17]} 43. Bd5+
{[%clk 0:39:19]} Kd7 {[%clk 0:27:51]} 44. Ke5 {[%clk 0:38:51]} e3
{[%clk 0:18:30]} 45. Bf3 {[%clk 0:39:12]} Bh7 {[%clk 0:15:59]} 46. Kf4
{[%clk 0:33:43]} e2 {[%clk 0:15:36]} 47. Bxe2 {[%clk 0:34:09]} Kc6
{[%clk 0:15:23]} 48. Bd3 {[%clk 0:34:22]} Kxc5 {[%clk 0:15:38]} 49. Bxf5
{[%clk 0:34:46]} Bg8 {[%clk 0:15:34]} 50. Ke5 {[%clk 0:35:10]} Bf7
{[%clk 0:14:05]} 51. Be6 {[%clk 0:32:27]} Bh5 {[%clk 0:14:11]} 52. Kf6
{[%clk 0:32:43]} Kd6 {[%clk 0:14:18]} 53. Bf7 {[%clk 0:33:03]} Be2
{[%clk 0:11:43]} 54. g6 {[%clk 0:33:28]} Bd3 {[%clk 0:11:58]} 55. g7
{[%clk 0:33:53]} Bh7 {[%clk 0:12:09]} 56. Kg5 {[%clk 0:34:05]} Ke7
{[%clk 0:11:59]} 57. Kh6 {[%clk 0:34:28]} 1-0

[Event "MRSF"]
[Site "Rychnov nad Kneznou"]
[Date "2020.08.17"]
[Round "9.24"]
[White "Fiser, Jiri"]
[Black "Papan, Cyril"]
[Result "1/2-1/2"]
[BlackElo "1933"]
[WhiteElo "1871"]
[LiveChessVersion "1.4.8"]

1. e4 {[%clk 1:30:56]} c5 {[%clk 1:30:53]} 2. Nf3 {[%clk 1:31:21]} Nc6
{[%clk 1:31:16]} 3. Bb5 {[%clk 1:31:48]} Qb6 {[%clk 1:29:48]} 4. Nc3
{[%clk 1:29:52]} a6 {[%clk 1:30:10]} 5. Bc4 {[%clk 1:30:09]} e6 {[%clk 1:29:46]}
6. O-O {[%clk 1:30:26]} Qc7 {[%clk 1:28:54]} 7. Re1 {[%clk 1:31:15]} Nf6
{[%clk 1:29:00]} 8. a4 {[%clk 1:31:15]} d6 {[%clk 1:29:00]} 9. d4
{[%clk 1:26:14]} cxd4 {[%clk 1:27:39]} 10. Nxd4 {[%clk 1:26:42]} Bd7
{[%clk 1:27:07]} 11. h3 {[%clk 1:15:50]} Rc8 {[%clk 1:26:55]} 12. Bf1
{[%clk 1:12:52]} Be7 {[%clk 1:20:48]} 13. Be3 {[%clk 1:12:52]} O-O
{[%clk 1:19:06]} 14. f4 {[%clk 1:04:56]} Na5 {[%clk 1:19:03]} 15. Kh1
{[%clk 0:57:34]} Nc4 {[%clk 1:18:10]} 16. Bc1 {[%clk 0:58:02]} Rfd8
{[%clk 1:09:08]} 17. b3 {[%clk 0:57:06]} Na5 {[%clk 1:08:37]} 18. Bb2
{[%clk 0:57:24]} Ne8 {[%clk 1:02:15]} 19. Qd3 {[%clk 0:42:30]} Bf6
{[%clk 1:01:57]} 20. Rad1 {[%clk 0:42:40]} g6 {[%clk 0:59:17]} 21. Qe3
{[%clk 0:37:56]} Bg7 {[%clk 0:59:16]} 22. Rd2 {[%clk 0:33:32]} Nc6
{[%clk 0:56:16]} 23. Nxc6 {[%clk 0:33:25]} Bxc6 {[%clk 0:56:34]} 24. e5
{[%clk 0:29:06]} dxe5 {[%clk 0:52:43]} 25. Rxd8 {[%clk 0:29:33]} Qxd8
{[%clk 0:51:13]} 26. fxe5 {[%clk 0:29:52]} Qh4 {[%clk 0:51:11]} 27. Kg1
{[%clk 0:24:13]} Bf8 {[%clk 0:41:41]} 28. g3 {[%clk 0:23:15]} Qh5
{[%clk 0:35:16]} 29. Kh2 {[%clk 0:21:08]} Bh6 {[%clk 0:30:39]} 30. Qe2
{[%clk 0:19:21]} Qf5 {[%clk 0:25:33]} 31. Bg2 {[%clk 0:19:39]} Bf8
{[%clk 0:21:29]} 32. Bxc6 {[%clk 0:18:59]} Rxc6 {[%clk 0:21:52]} 33. Ne4
{[%clk 0:19:05]} Be7 {[%clk 0:21:21]} 34. Rf1 {[%clk 0:19:20]} Rxc2
{[%clk 0:18:12]} 35. Qxc2 {[%clk 0:13:56]} Qxf1 {[%clk 0:18:34]} 36. Bd4
{[%clk 0:11:38]} f5 {[%clk 0:15:08]} 37. exf6 {[%clk 0:07:01]} Nxf6
{[%clk 0:15:28]} 38. Nxf6+ {[%clk 0:07:26]} Bxf6 {[%clk 0:15:48]} 39. Qc8+
{[%clk 0:07:41]} Kf7 {[%clk 0:15:52]} 40. Qxb7+ {[%clk 0:07:58]} Be7
{[%clk 0:09:22]} 41. Qg2 Qd3 42. Qf2+ {[%clk 0:05:46]} Ke8 {[%clk 0:09:00]} 43.
Bc5 {[%clk 0:05:04]} Qxb3 {[%clk 0:07:17]} 44. Bxe7 {[%clk 0:05:28]} Kxe7
{[%clk 0:07:32]} 45. Qa7+ {[%clk 0:05:50]} Kf6 {[%clk 0:07:52]} 46. Qxa6
{[%clk 0:06:13]} Qd1 {[%clk 0:07:29]} 47. Kg2 {[%clk 0:05:34]} Qc2+
{[%clk 0:07:26]} 48. Kf3 {[%clk 0:05:50]} Qd1+ {[%clk 0:06:37]} 49. Kf2
{[%clk 0:06:03]} Qc2+ {[%clk 0:07:01]} 50. Kf3 {[%clk 0:06:25]} Qd1+
{[%clk 0:07:27]} 1/2-1/2

[Event "MRSF"]
[Site "Rychnov nad Kneznou"]
[Date "2020.08.17"]
[Round "9.25"]
[White "Vlacil, Vladimir"]
[Black "Pavlicek, Petr"]
[Result "1-0"]
[BlackElo "1860"]
[WhiteElo "1893"]
[LiveChessVersion "1.4.8"]

1. Nf3 {[%clk 1:30:55]} Nf6 {[%clk 1:30:48]} 2. c4 {[%clk 1:31:09]} e6
{[%clk 1:31:04]} 3. Nc3 {[%clk 1:30:56]} d5 {[%clk 1:31:12]} 4. d4
{[%clk 1:31:15]} Be7 {[%clk 1:31:29]} 5. g3 {[%clk 1:31:30]} O-O {[%clk 1:31:46]}
6. Bg2 {[%clk 1:31:54]} Nbd7 {[%clk 1:31:47]} 7. b3 {[%clk 1:29:43]} Bb4
{[%clk 1:30:03]} 8. Bd2 {[%clk 1:29:02]} c5 {[%clk 1:29:05]} 9. cxd5
{[%clk 1:26:50]} Bxc3 {[%clk 1:23:34]} 10. Bxc3 {[%clk 1:26:54]} Nxd5
{[%clk 1:23:50]} 11. Bd2 {[%clk 1:20:14]} cxd4 {[%clk 1:23:02]} 12. Nxd4
{[%clk 1:20:02]} Qb6 {[%clk 1:19:48]} 13. Nc2 {[%clk 1:16:04]} Ne5
{[%clk 1:11:11]} 14. O-O {[%clk 1:09:29]} Rd8 {[%clk 1:07:20]} 15. Qe1
{[%clk 1:07:12]} a5 {[%clk 1:07:36]} 16. Ne3 {[%clk 1:04:55]} Nb4
{[%clk 1:04:03]} 17. Bc3 {[%clk 1:04:24]} Qc5 {[%clk 1:00:35]} 18. Qc1
{[%clk 1:00:32]} Nbc6 {[%clk 0:53:28]} 19. Qb2 {[%clk 0:58:56]} f6
{[%clk 0:53:13]} 20. Rfd1 {[%clk 0:54:41]} Rxd1+ {[%clk 0:41:39]} 21. Rxd1
{[%clk 0:54:26]} Nf7 {[%clk 0:41:43]} 22. h4 {[%clk 0:49:27]} Rb8
{[%clk 0:38:28]} 23. Qd2 {[%clk 0:45:58]} b6 {[%clk 0:37:40]} 24. Rc1
{[%clk 0:41:34]} Nce5 {[%clk 0:34:58]} 25. Qd4 {[%clk 0:32:41]} Nd7
{[%clk 0:30:26]} 26. Qxc5 {[%clk 0:26:10]} Nxc5 {[%clk 0:30:06]} 27. Bd4
{[%clk 0:26:32]} Nd7 {[%clk 0:28:27]} 28. Bh3 {[%clk 0:26:07]} e5
{[%clk 0:27:14]} 29. Bb2 {[%clk 0:26:12]} Nc5 {[%clk 0:26:12]} 30. Bxc8
{[%clk 0:24:48]} Rxc8 {[%clk 0:26:36]} 31. Nd5 {[%clk 0:24:20]} Rb8
{[%clk 0:26:42]} 32. Nxb6 {[%clk 0:23:19]} Ne6 {[%clk 0:20:52]} 33. Na4
{[%clk 0:21:22]} Nfd8 {[%clk 0:19:15]} 34. Bc3 {[%clk 0:21:07]} Rb5
{[%clk 0:19:33]} 35. Rd1 {[%clk 0:21:05]} Nc6 {[%clk 0:18:11]} 36. Rd6
{[%clk 0:19:39]} Ned4 {[%clk 0:18:02]} 37. Kf1 {[%clk 0:19:34]} Nb4
{[%clk 0:18:15]} 38. Bxb4 {[%clk 0:17:19]} axb4 {[%clk 0:18:36]} 39. Rb6
{[%clk 0:17:08]} Kf7 {[%clk 0:17:50]} 40. e3 {[%clk 0:16:45]} Rxb6
{[%clk 0:18:13]} 41. Nxb6 {[%clk 0:17:14]} Nc6 {[%clk 0:17:50]} 42. Nd5
{[%clk 0:17:00]} Ke6 {[%clk 0:18:09]} 43. e4 {[%clk 0:17:19]} Kd6
{[%clk 0:18:28]} 44. Ke2 {[%clk 0:17:19]} Kc5 {[%clk 0:18:02]} 45. Kd3
{[%clk 0:17:32]} Nd4 {[%clk 0:16:33]} 46. Nc7 {[%clk 0:17:34]} g6
{[%clk 0:15:07]} 47. Ne8 {[%clk 0:16:25]} f5 {[%clk 0:15:28]} 48. Nf6
{[%clk 0:16:50]} h5 {[%clk 0:14:34]} 49. exf5 Nxf5 {[%clk 0:14:15]} 50. Nd7+
{[%clk 0:16:19]} Kd5 {[%clk 0:13:48]} 51. Nf6+ {[%clk 0:14:21]} Ke6
{[%clk 0:14:09]} 52. Ne4 {[%clk 0:14:47]} Kd5 {[%clk 0:14:30]} 53. Nf6+
{[%clk 0:13:56]} Ke6 {[%clk 0:14:55]} 54. Ne4 {[%clk 0:13:55]} Kd5
{[%clk 0:15:03]} 55. Nd2 {[%clk 0:14:18]} Nd6 {[%clk 0:15:06]} 56. Nc4
{[%clk 0:13:16]} Nb5 {[%clk 0:13:49]} 57. Ne3+ {[%clk 0:13:18]} Kc5
{[%clk 0:14:02]} 58. Nd1 {[%clk 0:12:34]} Kd5 {[%clk 0:14:25]} 59. f3
{[%clk 0:10:39]} Nd6 {[%clk 0:14:48]} 60. Ne3+ {[%clk 0:10:40]} Kc5
{[%clk 0:14:49]} 61. Nc4 {[%clk 0:09:58]} Nf5 {[%clk 0:14:13]} 62. Nxe5
{[%clk 0:09:59]} Nxg3 {[%clk 0:14:37]} 63. Nxg6 1-0

[Event "MRSF"]
[Site "Rychnov nad Kneznou"]
[Date "2020.08.17"]
[Round "9.26"]
[White "Vochozka, Jindrich"]
[Black "Majerik, Vladimir"]
[Result "1/2-1/2"]
[BlackElo "1842"]
[WhiteElo "1747"]
[LiveChessVersion "1.4.8"]

1. d4 {[%clk 1:30:53]} Nf6 {[%clk 1:30:52]} 2. Nf3 {[%clk 1:30:46]} g6
{[%clk 1:31:11]} 3. Bg5 {[%clk 1:30:35]} Bg7 {[%clk 1:31:28]} 4. Nbd2
{[%clk 1:30:50]} c5 {[%clk 1:29:03]} 5. c3 {[%clk 1:28:13]} cxd4 {[%clk 1:26:46]}
6. cxd4 {[%clk 1:27:32]} O-O {[%clk 1:26:53]} 7. e3 {[%clk 1:27:47]} b6
{[%clk 1:26:45]} 8. Bd3 {[%clk 1:27:44]} Bb7 {[%clk 1:27:03]} 9. O-O
{[%clk 1:28:07]} d6 {[%clk 1:25:51]} 10. Qe2 {[%clk 1:27:51]} Nbd7
{[%clk 1:26:07]} 11. Rfd1 {[%clk 1:23:32]} h6 {[%clk 1:26:18]} 12. Bh4
{[%clk 1:23:15]} g5 {[%clk 1:24:12]} 13. Bg3 {[%clk 1:23:38]} Nd5
{[%clk 1:13:40]} 14. a3 {[%clk 1:16:46]} f5 {[%clk 1:12:00]} 15. Rac1
{[%clk 1:04:13]} e5 {[%clk 1:09:59]} 16. e4 {[%clk 0:57:44]} f4 {[%clk 1:06:48]}
17. exd5 {[%clk 0:58:00]} fxg3 {[%clk 1:07:05]} 18. hxg3 {[%clk 0:52:21]} Bxd5
{[%clk 1:07:07]} 19. Bc4 {[%clk 0:49:36]} Bxc4 {[%clk 1:05:29]} 20. Qxc4+
{[%clk 0:48:40]} Kh8 {[%clk 1:05:41]} 21. dxe5 {[%clk 0:47:01]} Nxe5
{[%clk 1:03:41]} 22. Nxe5 {[%clk 0:43:08]} Bxe5 {[%clk 1:03:55]} 23. Qd3
{[%clk 0:32:33]} Bxb2 {[%clk 1:00:55]} 24. Rc2 {[%clk 0:32:57]} Qf6
{[%clk 0:57:45]} 25. Nc4 {[%clk 0:30:53]} Be5 {[%clk 0:56:18]} 26. Nxe5
{[%clk 0:25:04]} dxe5 {[%clk 0:56:25]} 27. Rcd2 {[%clk 0:24:43]} Rf7
{[%clk 0:53:09]} 28. Qe4 {[%clk 0:24:07]} Raf8 {[%clk 0:53:14]} 29. f3
{[%clk 0:23:58]} Kg7 {[%clk 0:52:10]} 30. Rd6 {[%clk 0:21:42]} Qf5
{[%clk 0:51:26]} 31. Qc6 {[%clk 0:22:04]} Rf6 {[%clk 0:50:59]} 32. g4
{[%clk 0:20:28]} Qg6 {[%clk 0:45:23]} 33. Qc7+ {[%clk 0:18:50]} R8f7
{[%clk 0:44:42]} 34. Rd7 {[%clk 0:18:59]} e4 {[%clk 0:40:31]} 35. Rxf7+
{[%clk 0:18:00]} Rxf7 {[%clk 0:39:22]} 36. Qe5+ {[%clk 0:18:01]} Qf6
{[%clk 0:34:52]} 37. Qxe4 {[%clk 0:18:16]} Re7 {[%clk 0:34:40]} 38. Qa8
{[%clk 0:16:44]} Qe5 {[%clk 0:33:32]} 39. Qd8 1/2-1/2

[Event "MRSF"]
[Site "Rychnov nad Kneznou"]
[Date "2020.08.17"]
[Round "9.27"]
[White "Kulhavy, Frantisek"]
[Black "Vesely, Emanuel"]
[Result "1/2-1/2"]
[BlackElo "1795"]
[WhiteElo "1759"]
[LiveChessVersion "1.4.8"]

1. b3 {[%clk 1:30:56]} Nf6 {[%clk 1:30:15]} 2. Bb2 {[%clk 1:31:14]} e6
{[%clk 1:29:20]} 3. e3 {[%clk 1:31:21]} Be7 {[%clk 1:29:35]} 4. Nf3
{[%clk 1:29:54]} O-O {[%clk 1:29:38]} 5. d4 {[%clk 1:28:04]} d5 {[%clk 1:28:15]}
6. Nbd2 {[%clk 1:27:47]} b6 {[%clk 1:26:55]} 7. Bd3 {[%clk 1:27:21]} Nbd7
{[%clk 1:26:11]} 8. O-O {[%clk 1:27:15]} Bb7 {[%clk 1:26:25]} 9. c4
{[%clk 1:20:35]} Ne4 {[%clk 1:21:52]} 10. Ne1 {[%clk 1:15:31]} Bb4
{[%clk 1:10:38]} 11. Nxe4 {[%clk 1:15:08]} dxe4 {[%clk 1:10:55]} 12. Be2
{[%clk 1:14:42]} Bd6 {[%clk 1:10:23]} 13. Nc2 {[%clk 1:09:29]} f5
{[%clk 1:06:52]} 14. Ba3 {[%clk 1:06:17]} Bxa3 {[%clk 1:04:16]} 15. Nxa3
{[%clk 1:06:45]} Nf6 {[%clk 0:59:12]} 16. Rc1 {[%clk 1:03:25]} 1/2-1/2

[Event "MRSF"]
[Site "Rychnov nad Kneznou"]
[Date "2020.08.17"]
[Round "9.28"]
[White "Lexa, Vaclav"]
[Black "Kulhavy, Frantisek"]
[Result "1-0"]
[BlackElo "1759"]
[WhiteElo "1790"]
[LiveChessVersion "1.4.8"]

1. d4 {[%clk 1:30:57]} Nf6 {[%clk 1:30:38]} 2. Bf4 {[%clk 1:31:17]} d5
{[%clk 1:30:54]} 3. e3 {[%clk 1:31:29]} Bf5 {[%clk 1:31:03]} 4. Nf3
{[%clk 1:31:08]} e6 {[%clk 1:30:49]} 5. Nbd2 {[%clk 1:30:20]} Bd6
{[%clk 1:28:31]} 6. Ne5 {[%clk 1:30:24]} O-O {[%clk 1:26:40]} 7. Be2
{[%clk 1:29:06]} Nbd7 {[%clk 1:23:31]} 8. g4 {[%clk 1:26:24]} Be4
{[%clk 1:11:31]} 9. f3 {[%clk 1:24:36]} Bxe5 {[%clk 1:07:15]} 10. dxe5
{[%clk 1:25:02]} Nxg4 {[%clk 1:00:12]} 11. fxe4 {[%clk 1:25:10]} Ngxe5
{[%clk 0:59:50]} 12. Nf3 {[%clk 1:23:27]} Ng4 {[%clk 0:52:29]} 13. e5
{[%clk 1:16:47]} f6 {[%clk 0:51:30]} 14. exf6 {[%clk 1:12:59]} Qxf6
{[%clk 0:48:54]} 15. h3 {[%clk 1:01:14]} Nge5 {[%clk 0:45:55]} 16. Nxe5
{[%clk 0:58:23]} Nxe5 {[%clk 0:45:49]} 17. Bxe5 {[%clk 0:52:02]} Qxe5
{[%clk 0:46:15]} 18. Qd4 {[%clk 0:51:36]} Qg3+ {[%clk 0:44:15]} 19. Kd2
{[%clk 0:52:03]} Qd6 {[%clk 0:35:27]} 20. Rag1 {[%clk 0:51:24]} e5
{[%clk 0:34:14]} 21. Qg4 {[%clk 0:50:42]} Rf7 {[%clk 0:33:30]} 22. Kc1
{[%clk 0:50:12]} Qb6 {[%clk 0:29:43]} 23. Qg5 {[%clk 0:47:24]} Qd6
{[%clk 0:20:53]} 24. Rd1 {[%clk 0:46:11]} Rf6 {[%clk 0:15:52]} 25. Bd3
{[%clk 0:43:40]} e4 {[%clk 0:15:42]} 26. Bxe4 {[%clk 0:43:38]} h6
{[%clk 0:15:16]} 27. Qxd5+ {[%clk 0:40:51]} 1-0

[Event "MRSF"]
[Site "Rychnov nad Kneznou"]
[Date "2020.08.17"]
[Round "9.29"]
[White "Rychtecky, Pavel"]
[Black "Zeman, Ladislav"]
[Result "1/2-1/2"]
[BlackElo "1771"]
[WhiteElo "1521"]
[LiveChessVersion "1.4.8"]

1. e4 {[%clk 1:29:23]} e5 {[%clk 1:30:53]} 2. Nf3 {[%clk 1:29:47]} Nc6
{[%clk 1:31:19]} 3. Bb5 {[%clk 1:29:55]} d6 {[%clk 1:31:38]} 4. d4
{[%clk 1:29:51]} exd4 {[%clk 1:31:41]} 5. Qxd4 {[%clk 1:27:06]} Bd7
{[%clk 1:30:41]} 6. Bxc6 {[%clk 1:26:47]} bxc6 {[%clk 1:25:33]} 7. Bg5
{[%clk 1:22:50]} f6 {[%clk 1:21:37]} 8. Bh4 {[%clk 1:15:41]} Nh6 {[%clk 1:20:44]}
9. Nc3 {[%clk 1:11:35]} Be7 {[%clk 1:19:34]} 10. Qc4 {[%clk 1:09:56]} Nf7
{[%clk 1:17:02]} 11. O-O {[%clk 1:05:42]} Rb8 {[%clk 1:15:33]} 12. b3
{[%clk 1:05:29]} Qc8 {[%clk 1:14:10]} 13. Bg3 {[%clk 1:02:29]} Rb6
{[%clk 1:10:57]} 14. Rad1 {[%clk 0:57:52]} Be6 {[%clk 1:09:02]} 15. Qd3
{[%clk 0:57:09]} Bg4 {[%clk 1:07:18]} 16. Rd2 {[%clk 0:57:08]} h5
{[%clk 0:57:12]} 17. Nh4 {[%clk 0:47:04]} Qa6 {[%clk 0:52:28]} 18. h3
{[%clk 0:41:30]} Qxd3 {[%clk 0:51:39]} 19. Rxd3 {[%clk 0:40:22]} Bc8
{[%clk 0:51:56]} 20. Rd4 {[%clk 0:37:35]} Ne5 {[%clk 0:46:59]} 21. Na4
{[%clk 0:22:26]} Rb8 {[%clk 0:44:42]} 22. f4 {[%clk 0:21:09]} c5 {[%clk 0:43:10]}
23. Rd2 {[%clk 0:20:31]} g5 {[%clk 0:39:44]} 24. fxe5 {[%clk 0:20:13]} gxh4
{[%clk 0:40:07]} 25. Bxh4 {[%clk 0:20:05]} fxe5 {[%clk 0:40:28]} 26. Bxe7
{[%clk 0:18:53]} Kxe7 27. c4 Be6 {[%clk 0:39:03]} 28. Nc3 {[%clk 0:18:49]} c6
{[%clk 0:38:47]} 29. Rdf2 {[%clk 0:18:26]} Rhg8 {[%clk 0:38:31]} 30. Kh2
{[%clk 0:18:50]} Rg6 {[%clk 0:38:30]} 31. Rf3 {[%clk 0:18:23]} a5
{[%clk 0:38:37]} 32. Rg3 {[%clk 0:17:21]} Rbg8 {[%clk 0:38:30]} 33. Rff3
{[%clk 0:16:36]} Bf7 {[%clk 0:35:06]} 34. Nd1 {[%clk 0:13:33]} d5
{[%clk 0:30:45]} 35. cxd5 {[%clk 0:07:38]} cxd5 {[%clk 0:29:57]} 36. exd5
{[%clk 0:07:30]} Bxd5 {[%clk 0:28:39]} 37. Rxg6 {[%clk 0:07:48]} Rxg6
{[%clk 0:28:22]} 38. Rf2 {[%clk 0:07:20]} Ke6 {[%clk 0:17:54]} 39. Ne3
{[%clk 0:07:22]} a4 {[%clk 0:15:45]} 40. Rd2 {[%clk 0:06:05]} Bc6
{[%clk 0:15:03]} 41. g4 {[%clk 0:05:12]} hxg4 {[%clk 0:15:02]} 42. hxg4
{[%clk 0:05:27]} axb3 {[%clk 0:14:11]} 43. axb3 {[%clk 0:05:55]} Rh6+
{[%clk 0:13:57]} 44. Kg3 {[%clk 0:05:55]} Rh1 {[%clk 0:14:18]} 45. Rc2
{[%clk 0:05:14]} Kd6 {[%clk 0:08:17]} 46. Nf5+ {[%clk 0:04:53]} Ke6
{[%clk 0:03:20]} 47. Rxc5 {[%clk 0:04:44]} Bd5 {[%clk 0:03:21]} 48. b4
{[%clk 0:04:25]} Rg1+ {[%clk 0:01:14]} 49. Kh4 {[%clk 0:04:53]} Bf3
{[%clk 0:01:18]} 50. Ne3 {[%clk 0:04:46]} Kf6 {[%clk 0:01:30]} 51. b5
{[%clk 0:02:42]} Rb1 {[%clk 0:00:58]} 52. Kg3 {[%clk 0:02:57]} Bb7
{[%clk 0:01:11]} 53. g5+ {[%clk 0:02:02]} Ke6 54. Nd5 Kf6 1/2-1/2

[Event "MRSF"]
[Site "Rychnov nad Kneznou"]
[Date "2020.08.17"]
[Round "9.30"]
[White "Briza, Jiri"]
[Black "Koudelka, Milos"]
[Result "1-0"]
[BlackElo "1689"]
[WhiteElo "1911"]
[LiveChessVersion "1.4.8"]

1. b3 {[%clk 1:30:49]} e5 {[%clk 1:30:26]} 2. Bb2 {[%clk 1:31:06]} Nc6
{[%clk 1:30:31]} 3. e3 {[%clk 1:31:12]} d5 {[%clk 1:29:49]} 4. Bb5
{[%clk 1:31:02]} Bd6 {[%clk 1:28:09]} 5. f4 {[%clk 1:30:44]} Qe7 {[%clk 1:27:45]}
6. Nf3 {[%clk 1:21:31]} Bg4 {[%clk 1:25:35]} 7. h3 {[%clk 1:20:49]} Bxf3
{[%clk 1:25:49]} 8. Qxf3 {[%clk 1:21:01]} Nf6 {[%clk 1:23:38]} 9. O-O
{[%clk 1:17:58]} e4 {[%clk 1:18:59]} 10. Qe2 {[%clk 1:17:21]} a6 {[%clk 1:17:58]}
11. Bxc6+ {[%clk 1:17:34]} bxc6 {[%clk 1:17:08]} 12. Bxf6 {[%clk 1:17:53]} Qxf6
{[%clk 1:16:44]} 13. Nc3 {[%clk 1:17:47]} h5 {[%clk 1:06:00]} 14. Na4
{[%clk 1:16:40]} a5 {[%clk 0:59:55]} 15. d3 {[%clk 1:10:31]} Qf5 {[%clk 0:54:57]}
16. dxe4 {[%clk 1:05:57]} dxe4 {[%clk 0:50:42]} 17. Rad1 {[%clk 1:03:28]} O-O
{[%clk 0:47:07]} 18. Qc4 {[%clk 1:01:59]} Qb5 {[%clk 0:45:39]} 19. Qxe4
{[%clk 1:01:03]} Rae8 {[%clk 0:42:38]} 20. Qf3 {[%clk 0:54:34]} Re6
{[%clk 0:39:34]} 21. Rd3 {[%clk 0:51:31]} Rfe8 {[%clk 0:36:28]} 22. Kh1
{[%clk 0:44:18]} Rf6 {[%clk 0:31:47]} 23. Nb2 {[%clk 0:40:04]} g5
{[%clk 0:19:46]} 24. a4 {[%clk 0:34:49]} Qa6 {[%clk 0:15:36]} 25. Nc4
{[%clk 0:27:07]} g4 {[%clk 0:12:18]} 26. hxg4 {[%clk 0:23:15]} hxg4
{[%clk 0:12:34]} 27. Qxg4+ {[%clk 0:23:34]} Rg6 {[%clk 0:12:57]} 28. Qf3
{[%clk 0:23:18]} c5 {[%clk 0:11:02]} 29. Rfd1 {[%clk 0:23:04]} Kg7 30. Kg1
{[%clk 0:22:09]} Rg8 {[%clk 0:07:09]} 31. Nxd6 {[%clk 0:15:23]} cxd6
{[%clk 0:07:05]} 32. f5 {[%clk 0:15:04]} Rh6 {[%clk 0:06:41]} 33. Kf2
{[%clk 0:11:44]} c4 {[%clk 0:05:51]} 34. Rxd6 {[%clk 0:11:00]} Rxd6
{[%clk 0:05:30]} 35. Qg3+ {[%clk 0:11:02]} Kf8 {[%clk 0:05:48]} 36. Qxd6+
{[%clk 0:11:05]} Qxd6 {[%clk 0:06:02]} 37. Rxd6 {[%clk 0:11:26]} Ke7
{[%clk 0:06:08]} 38. Rb6 {[%clk 0:10:55]} cxb3 {[%clk 0:05:50]} 39. cxb3
{[%clk 0:11:10]} Rc8 {[%clk 0:06:16]} 40. Rb5 {[%clk 0:10:45]} Rc3
{[%clk 0:06:17]} 41. Kf3 {[%clk 0:10:49]} Kf6 {[%clk 0:06:32]} 42. Kf4
{[%clk 0:10:48]} Ke7 {[%clk 0:06:05]} 43. g4 {[%clk 0:10:56]} f6 {[%clk 0:06:26]}
44. e4 {[%clk 0:09:20]} Rd3 {[%clk 0:05:53]} 45. g5 {[%clk 0:09:49]} fxg5+
{[%clk 0:05:49]} 46. Kxg5 {[%clk 0:10:07]} Rg3+ 47. Kf4 Rd3 {[%clk 0:05:30]} 48.
Ke5 {[%clk 0:10:36]} 1-0